000 00944cab a2200265 4500
001 ABS54804
008 090401t1996 xxu||||| |||| 00| 0 eng d
035 _a(Sirsi) u12328
041 _aeng
100 _aLay, R.
245 _aChanging roles in a changing world
260 _c1996
350 _a0
490 _aEstates Gazette
_v(9613) 30 March 1996, 118-119(2)
520 _aCritically assesses how chartered surveyors as property professionals are responding to the market needs of clients using advice given on lease structures and investment as examples of where surveyors have to be more attuned and flexible.
650 _aABOUT RICS-RICS MEMBERS
650 _aINVESTMENT ADVICE
650 _aLANDLORD AND TENANT
_96252
650 _aPROFESSIONAL ADVICE
650 _aProperty management
_96262
650 _aSKILLS
690 _aMANAGEMENT-BUSINESS MANAGEMENT-PROFESSIONAL PRACTICE
942 _n0
948 _c04/03/1997
999 _c7885
_d7885